| 000 | 00473nam a2200145 a 4500 | ||
|---|---|---|---|
| 001 | 000044948 | ||
| 005 | 20201002045744.0 | ||
| 008 | 150122s2008 dr a 000 0 spa d | ||
| 020 | _a9789945121063 | ||
| 040 |
_aDO-SdBNP _bspa _cBNPHU |
||
| 100 | 1 |
_aMueses, Danilo A. _d1934- _919578 |
|
| 245 | 1 | 3 |
_aLa Emisión de 1880 y sus derivaciones. / _cDanilo A. Mueses. |
| 260 |
_aSanto Domingo : _bSusaeta, _c2008. |
||
| 500 | _aIncluye datos biografícos del autor en la contraportada | ||
| 999 |
_c44437 _d44437 |
||